Prípadové štúdie k cestovným náhradám: Zahraničné pracovné cesty
Tieto prípadové štúdie sú súčasťou publikácie "Náhrady pri pracovných cestách podľa nového zákona". Charakteristiky zahraničných pracovných ciest, výdavky, postupy účtovania.
Uložené v:
| Hlavný autor: | |
|---|---|
| Médium: | Kapitola |
| Jazyk: | Slovak |
| Predmet: | |
| Tagy: |
Žiadne tagy, Buďte prvý, kto otaguje tento záznam!
|
MARC
| LEADER | 00000naa a2200000 4500 | ||
|---|---|---|---|
| 001 | r047987 | ||
| 005 | 20230927071315.1 | ||
| 041 | 0 | |a slo | |
| 044 | |a SK | ||
| 245 | 1 | 0 | |a Prípadové štúdie k cestovným náhradám: Zahraničné pracovné cesty |c Ľuboslava Minková |
| 520 | |a Tieto prípadové štúdie sú súčasťou publikácie "Náhrady pri pracovných cestách podľa nového zákona". Charakteristiky zahraničných pracovných ciest, výdavky, postupy účtovania. | ||
| 610 | 2 | 0 | |a cesty pracovné |
| 610 | 2 | 0 | |a výdavky |
| 610 | 2 | 0 | |a postupy účtovné |
| 610 | 2 | 0 | |a štúdie prípadové |
| 100 | 1 | |a Minková, Ľuboslava | |